00425nam a2200157Ia 4500008004100000040001900041041001200060082002000072245001700092260004000109300002900149440004200178504001900220650001400239850001400253131103s9999 xx 000 0 und d aLoreto College aEnglish aREFbLCBED/7105 aWild flowers aLondonbMacdonald educationalc1969 a61p.b ill.,pic.c 21cm. aMacdonald junioror refarence library  aIncludes index aRefarence aLCBED/REF